000 00479nam a2200181Ia 4500
008 240925s9999 xx 000 0 und d
020 _a9780071263283
082 _a515.9 BRO
100 _aBrown, James Ward
245 0 _aComplex Variables and Applications
250 _a8th
260 _aBoston:
_bMC Graw-Hill
_c,2009.
300 _axvii,926p.
_bN.A
_fPhotocopy
500 _aIncludes Index
600 _aEngineering Technology
650 _aNatural Science
942 _cBK
999 _c11522
_d11522